000 00618nam a2200217Ia 4500
005 20250326144143.0
008 250326s9999 xx 000 0 und d
020 _a0-19-5666825-1
037 _aTextbook
040 _aFMSL
_beng
_cFMSL
041 _aeng
_2eng
084 _aX:81 P4
_qFMSL
100 _aKrueger A O Ed.
_9749140
245 0 _aReforming India's external, ficial, and fiscal policies
_cKrueger A O Ed.; Chinoy S Z
260 _aNew Delhi
_bNew Delhi, Oxford
_c2003
300 _axvi,248
365 _b595
650 _aEconomics
942 _cTB
_hX:81 P4
999 _c1302581
_d1302581